[Event "AUTO-INT-2508"]
[Site "http://www.queenalice.com/game.php?id=1160156"]
[Date "2013.3.12"]
[Round "2"]
[White "braseiko"]
[Black "Lopesq"]
[Result "1-0"]
[WhiteElo "1849"]
[BlackElo "1767"]

1. d4 d5 2. c4 dxc4 3. e4 c6 4. Bxc4 e6 5. Nf3 Be7 6. O-O Nd7 7. Nc3 Ngf6 8. e5
Ng8 9. Qc2 h6 10. Be3 f5 11. Bxe6 g6 12. Qb3 Kf8 13. d5 c5 14. d6 Bg5 15. Rad1
Bxe3 16. fxe3 a6 17. e4 f4 18. Nd5 g5 19. Nc7 Rb8 20. Bh3 h5 21. Ne6+ Ke8 22.
Ng7+ Kf8 23. Ne6+ Ke8 24. Nxd8 Kxd8 25. e6 Ndf6 26. Qb6+ Ke8 27. d7+ Bxd7 28.
exd7+ Nxd7 29. Bxd7+ Kf8 30. Nxg5 Rh6 31. Qxc5+ Kg7 32. Rxf4 Rf6 33. Ne6+ Kg6
34. Qg5+ Kf7 35. Qg7# 1-0

[Event "AUTO-INT-2490"]
[Site "http://www.queenalice.com/game.php?id=1167572"]
[Date "2013.4.2"]
[Round "2"]
[White "TIKAR"]
[Black "braseiko"]
[Result "0-1"]
[WhiteElo "1688"]
[BlackElo "1874"]

1. e4 e5 2. Nf3 Nc6 3. Bc4 d6 4. d4 Be7 5. Nc3 Na5 6. Bd3 Bg4 7. dxe5 dxe5 8.
Qd2 Nf6 9. Nxe5 Qd4 10. Nxg4 Nxg4 11. O-O O-O 12. Qf4 Nf6 13. Qxc7 Bb4 14. Nb5
Rac8 15. Qg3 Qb6 16. Bh6 Nh5 17. Qg5 Qxh6 18. Qxh6 gxh6 19. Nd6 Bxd6 0-1

[Event "AUTO-INT-2490"]
[Site "http://www.queenalice.com/game.php?id=1167573"]
[Date "2013.4.2"]
[Round "2"]
[White "braseiko"]
[Black "TIKAR"]
[Result "1-0"]
[WhiteElo "1840"]
[BlackElo "1661"]

1. d4 Nc6 2. d5 Nb4 3. e4 e5 4. c4 c6 5. Nc3 h6 6. d6 c5 7. a3 Nc6 8. Nb5 Bxd6
9. Qxd6 Qa5+ 10. Bd2 Nb4 11. Nc7+ Kd8 12. Nxa8 Nc2+ 13. Kd1 Qa4 14. Qf8# 1-0

[Event "AUTO-INT-2517"]
[Site "http://www.queenalice.com/game.php?id=1173910"]
[Date "2013.4.21"]
[Round "3"]
[White "braseiko"]
[Black "Danado"]
[Result "1-0"]
[WhiteElo "1915"]
[BlackElo "1600"]

1. d4 d5 2. c4 dxc4 3. e4 Nc6 4. Bxc4 Nxd4 5. Nc3 e5 6. Nge2 Nxe2 7. Qxe2 Bb4 8.
Bd2 Bxc3 9. Bxc3 f6 10. Rd1 Bd7 11. O-O Qe7 12. f4 O-O-O 13. fxe5 fxe5 14. Rf7
Qg5 15. Rfxd7 Rxd7 16. Be6 Nf6 17. Qb5 c6 18. Qxe5 Qxe5 19. Bxe5 Rd8 20. Bxd7+
Nxd7 21. Bxg7 Re8 22. Rd4 Nc5 23. e5 Ne6 24. Rg4 Rg8 25. Kf2 Nxg7 26. Ke2 Kd7
27. h4 Ke6 28. Rg5 h6 29. Rg6+ Kxe5 30. g4 Kf4 31. Kf2 c5 32. h5 c4 33. a4 Ke4
34. Kg3 Ke5 35. Kh3 Kd4 36. Rxh6 Kd3 37. Rg6 Kc2 38. h6 Kxb2 39. Rxg7 Rd8 40.
Rxb7+ Ka3 41. Rc7 Kb3 42. h7 c3 43. g5 c2 44. g6 Kb2 45. g7 Rd3+ 46. Kg4 Rd4+
47. Kf3 1-0

[Event "AUTO-INT-2517"]
[Site "http://www.queenalice.com/game.php?id=1173911"]
[Date "2013.4.21"]
[Round "3"]
[White "Danado"]
[Black "braseiko"]
[Result "0-1"]
[WhiteElo "1618"]
[BlackElo "1907"]

1. e4 c5 2. Nc3 e6 3. Bb5 a6 4. Bc4 b5 5. Be2 Bb7 6. Bf3 Nf6 7. e5 Bxf3 8. Nxf3
Nd5 9. Nxd5 exd5 10. c3 Be7 11. d4 Nc6 12. dxc5 Bxc5 13. Qxd5 Qb6 14. O-O O-O
15. Be3 Bxe3 16. fxe3 Qxe3+ 17. Rf2 Rad8 18. Re1 Qb6 19. Ng5 Ne7 20. Qd4 Qg6 21.
h4 h6 22. Ne4 Nf5 23. Nc5 Nxd4 24. cxd4 d6 25. e6 dxc5 26. e7 cxd4 27. exf8=Q+
Kxf8 28. Rf3 d3 29. Rd1 d2 30. Rf2 Qb6 31. Kf1 Qe3 0-1

[Event "AUTO-INT-2517"]
[Site "http://www.queenalice.com/game.php?id=1173912"]
[Date "2013.4.21"]
[Round "3"]
[White "braseiko"]
[Black "kre"]
[Result "1-0"]
[WhiteElo "1915"]
[BlackElo "1652"]

1. d4 d5 2. c4 dxc4 3. e4 b5 4. Nc3 c6 5. a4 Qa5 6. Bd2 b4 7. Na2 e6 8. Bxc4 Qb6
9. Nf3 Be7 10. Ne5 Qxd4 11. Qh5 g6 12. Be3 Qxb2 13. Qd1 Nf6 14. Bd4 Qa3 15. Nc3
Qxc3+ 16. Bxc3 bxc3 17. O-O Nxe4 18. Qf3 f5 19. Bd3 Nd2 20. Qe3 Nxf1 21. Kxf1
O-O 22. Bc4 Bb4 23. Nd3 a5 24. Bxe6+ Bxe6 25. Qxe6+ Kg7 26. Nf4 Rf6 27. Qe5 Bd6
28. Ne6+ Kf7 29. Nd8+ Kg7 30. Qxc3 c5 31. Rd1 Bc7 32. Ne6+ Kf7 33. Nxc7 Ra7 34.
Qxc5 Rb7 35. Qd5+ Kg7 36. Qxb7 1-0

[Event "AUTO-INT-2517"]
[Site "http://www.queenalice.com/game.php?id=1173913"]
[Date "2013.4.21"]
[Round "3"]
[White "kre"]
[Black "braseiko"]
[Result "0-1"]
[WhiteElo "1639"]
[BlackElo "1945"]

1. e4 c5 2. f4 d5 3. exd5 Qxd5 4. Nc3 Qd8 5. Nf3 a6 6. Be2 Nf6 7. h3 Nc6 8. a3
Nd4 9. O-O Bf5 10. Nxd4 cxd4 11. Na2 e6 12. b4 Qb6 13. d3 Nd5 14. g4 Bg6 15. h4
Bd6 16. c4 dxc3+ 17. Kh2 Ne3 18. Bxe3 Qxe3 19. Rf3 Bxf4+ 20. Kh3 Qe5 21. d4 Qd6
22. Nxc3 h5 23. g5 Bf5+ 24. Kg2 Rc8 25. Kf1 Bg4 26. Rd3 Bxe2+ 27. Nxe2 Qb8 28.
Nxf4 Qxf4+ 29. Ke2 Qxh4 30. g6 fxg6 31. Qg1 Qe4+ 32. Re3 Rc2+ 33. Kf1 Rf8+ 34.
Ke1 Qh4+ 35. Kd1 Rff2 36. Qxg6+ Kd8 37. Qxc2 Rxc2 38. Kxc2 Kd7 39. Rd1 Qf2+ 40.
Kd3 Qb2 41. Ke4 Qc2+ 42. Rdd3 g5 43. Ke5 g4 44. d5 Qb2+ 45. Rd4 Qh2+ 46. Ke4 e5
47. Rdd3 Qf4# 0-1

[Event "AUTO-INT-2524"]
[Site "http://www.queenalice.com/game.php?id=1180019"]
[Date "2013.5.9"]
[Round "2"]
[White "Zodiac"]
[Black "braseiko"]
[Result "1-0"]
[WhiteElo "1922"]
[BlackElo "1931"]

1. d4 d5 2. c4 Nf6 3. Nc3 c6 4. Nf3 e6 5. Bg5 Be7 6. e3 O-O 7. Rc1 Nbd7 8. Qc2
dxc4 9. Bxc4 b5 10. Bd3 Bb7 11. Ne5 h6 12. Nxd7 Qxd7 13. Bxf6 Bxf6 14. O-O Rac8
15. b4 e5 16. Ne4 exd4 17. Nxf6+ gxf6 18. Bf5 Qd5 19. Bxc8 Rxc8 20. Qc5 Qxa2 21.
Qxd4 Qe6 22. Qxa7 Ba8 23. Qc5 Qe5 24. Qxe5 fxe5 25. Rc5 f6 26. Ra1 Bb7 27. Rd1
Rc7 28. f4 Kf7 29. f5 Ke7 30. e4 Rc8 31. Ra1 Kd7 32. Ra3 Rg8 33. Kf2 Rg4 34. Re3
h5 35. h3 Rg5 36. Rg3 Ke7 37. Rxg5 1-0

[Event "AUTO-INT-2524"]
[Site "http://www.queenalice.com/game.php?id=1180020"]
[Date "2013.5.9"]
[Round "2"]
[White "braseiko"]
[Black "Zodiac"]
[Result "1-0"]
[WhiteElo "1915"]
[BlackElo "1924"]

1. d4 d5 2. c4 e6 3. Nf3 Nf6 4. e3 c6 5. Bd3 Nbd7 6. O-O Bd6 7. Nc3 O-O 8. c5
Bc7 9. Re1 b6 10. b4 b5 11. a4 bxa4 12. Rxa4 Bb7 13. Bd2 a6 14. Qc2 Ra7 15. Rea1
e5 16. Bxa6 e4 17. Ne1 Bxh2+ 18. Kxh2 Ng4+ 19. Kg1 Qh4 20. Bc1 Qh2+ 21. Kf1 Qh1+
22. Ke2 Bxa6+ 23. Rxa6 Rxa6 24. Rxa6 Nb8 25. Ra8 Qh4 26. Nd1 Qh5 27. f3 exf3+
28. gxf3 Qh2+ 29. Kd3 Qg1 30. Bd2 Nh2 31. Bc3 Nxf3 32. Nxf3 Qg6+ 33. Kd2 Qg2+
34. Kc1 Qxf3 35. Qf2 Qh1 36. Qf4 1-0

[Event "AUTO-INT-2524"]
[Site "http://www.queenalice.com/game.php?id=1180025"]
[Date "2013.5.9"]
[Round "2"]
[White "braseiko"]
[Black "Luc_2010"]
[Result "0-1"]
[WhiteElo "1932"]
[BlackElo "1934"]

1. d4 g6 2. c4 Bg7 3. Nf3 d6 4. Nc3 Nf6 5. e3 O-O 6. Bd3 e5 7. dxe5 dxe5 8. Nxe5
Qd6 9. Nf3 Rd8 10. Be2 Qxd1+ 11. Bxd1 Nc6 12. O-O Bf5 13. a3 Na5 14. c5 Bd3 15.
Re1 Nd7 16. Nd5 Nxc5 17. b4 Bxa1 0-1

[Event "AUTO-INT-2524"]
[Site "http://www.queenalice.com/game.php?id=1180026"]
[Date "2013.5.9"]
[Round "2"]
[White "Luc_2010"]
[Black "braseiko"]
[Result "1-0"]
[WhiteElo "1917"]
[BlackElo "1949"]

1. g4 d5 2. c4 Bxg4 3. Qb3 dxc4 4. Qxb7 Nd7 5. Na3 Ngf6 6. Nxc4 Nc5 7. Qc6+ Nfd7
8. d4 Ne6 9. Be3 f6 10. d5 Ng5 11. Bxg5 fxg5 12. Bh3 Bxh3 13. Nxh3 Rb8 14. O-O
Rb6 15. Nxb6 axb6 16. Nxg5 1-0

[Event "AUTO-INT-2524"]
[Site "http://www.queenalice.com/game.php?id=1180027"]
[Date "2013.5.9"]
[Round "2"]
[White "braseiko"]
[Black "LeandroSouza"]
[Result "1-0"]
[WhiteElo "1922"]
[BlackElo "1636"]

1. d4 d6 2. e4 e5 3. dxe5 dxe5 4. Nc3 Bb4 5. Qxd8+ Kxd8 6. Bd2 Bd7 7. O-O-O Nf6
8. Bg5 Bxc3 9. bxc3 Ke7 10. Nf3 Nc6 11. Bc4 h6 12. Bh4 Rhd8 13. Rd2 Bg4 14. Rhd1
Rxd2 15. Rxd2 Bxf3 16. gxf3 g5 17. Bg3 Rd8 18. Bb5 Rxd2 19. Kxd2 Kd6 20. h4 a6
21. Bc4 Nd8 22. a4 gxh4 23. Bxh4 Ke7 24. Ke3 c6 25. f4 exf4+ 26. Kxf4 b5 27.
axb5 axb5 28. Be2 Ke6 29. Bxf6 Kxf6 30. e5+ Ke6 31. Bg4+ Ke7 32. Ke4 Nb7 33. f4
Nc5+ 34. Kd4 Ne6+ 35. Ke3 f6 36. f5 Nc5 37. e6 Na4 38. Bf3 Nxc3 39. Bxc6 b4 40.
Kd3 Na2 41. Kc4 Nc1 42. Kxb4 h5 43. c4 Nd3+ 44. Kb5 h4 45. Bf3 h3 46. c5 h2 47.
c6 Kd6 48. Kb6 Ne5 49. Bh1 Nc4+ 50. Kb5 Na3+ 51. Ka6 Nc4 52. Kb7 Na5+ 53. Kb6
Nc4+ 54. Kb5 Na3+ 55. Kb4 Nc2+ 56. Kc4 Ne3+ 57. Kd4 Nxf5+ 58. Kc4 Kxe6 59. Kc5
Ne7 60. c7 Kd7 61. Kb6 f5 62. Kb7 f4 63. Bc6+ Nxc6 64. c8=Q+ Kd6 65. Qxc6+ Ke5
66. Qg2 f3 67. Qxf3 1-0

[Event "AUTO-INT-2524"]
[Site "http://www.queenalice.com/game.php?id=1180028"]
[Date "2013.5.9"]
[Round "2"]
[White "LeandroSouza"]
[Black "braseiko"]
[Result "0-1"]
[WhiteElo "1666"]
[BlackElo "1916"]

1. e4 c5 2. d4 cxd4 3. Qxd4 Nc6 4. Qd1 e5 5. c3 Bc5 6. Nf3 Nf6 7. Bb5 d6 8.
Bxc6+ bxc6 9. b4 Bxf2+ 10. Kxf2 Nxe4+ 11. Ke3 Bf5 12. Qf1 Qb6+ 13. Ke2 Bg4 14.
Be3 Qb5+ 15. Ke1 Qd5 16. h3 Bh5 17. Bf2 a5 18. c4 Qe6 19. Qd3 d5 20. cxd5 cxd5
21. Nc3 Nxf2 22. Qb5+ Kf8 23. Qxd5 Qxd5 24. Nxd5 Bxf3 25. gxf3 Nd3+ 26. Kd2 Nxb4
27. Nxb4 axb4 28. Rhe1 f6 29. Kc2 Ra3 30. Red1 Kf7 31. Rd3 Rc8+ 32. Kd2 Rxd3+
33. Kxd3 Rc3+ 34. Ke2 f5 35. h4 f4 36. h5 Kf6 37. Kf2 Kg5 38. Re1 Rc2+ 39. Re2
Rxe2+ 40. Kxe2 Kxh5 41. Kd3 Kh4 42. Kc4 Kg3 43. Kxb4 Kxf3 44. a4 e4 45. a5 e3
46. a6 e2 47. a7 e1=Q+ 48. Kb5 Qe2+ 49. Kb6 Qe3+ 50. Kb7 Qxa7+ 51. Kxa7 Ke2 52.
Kb7 f3 53. Kc7 f2 54. Kd7 f1=Q 55. Ke7 g5 56. Ke6 g4 57. Ke5 g3 58. Ke6 g2 59.
Ke5 g1=Q 60. Ke6 h5 61. Ke5 Qg4 62. Kd5 Qff5+ 63. Kd6 Qgg6+ 64. Ke7 Qff7+ 65.
Kd8 Qgg8# 0-1

[Event "AUTO-ADV-2744"]
[Site "http://www.queenalice.com/game.php?id=1186724"]
[Date "2013.6.1"]
[Round "2"]
[White "braseiko"]
[Black "Takeda"]
[Result "0-1"]
[WhiteElo "1916"]
[BlackElo "1937"]

1. d4 d5 2. c4 c6 3. Nf3 Nf6 4. Nc3 g6 5. Bf4 Bg7 6. e3 O-O 7. Bd3 Nbd7 8. O-O
Nb6 9. cxd5 Nbxd5 10. Nxd5 Qxd5 11. Re1 Bf5 12. Bxf5 Qxf5 13. Qb3 b6 14. Rac1
Nd5 15. e4 Qxf4 16. exd5 cxd5 17. Qxd5 Rfd8 18. Qc4 Bxd4 19. Nxd4 Rxd4 20. Qc6
Rad8 21. g3 Qg5 22. Qf3 h5 23. Rc3 h4 24. Rce3 e6 25. Re4 h3 26. Rxd4 Rxd4 27.
Qc3 Qd5 28. f3 Rd3 29. Qf6 Rxf3 30. Qh4 Qd2 0-1

[Event "AUTO-ADV-2744"]
[Site "http://www.queenalice.com/game.php?id=1186725"]
[Date "2013.6.1"]
[Round "2"]
[White "Takeda"]
[Black "braseiko"]
[Result "1-0"]
[WhiteElo "1952"]
[BlackElo "1901"]

1. e4 c5 2. Nf3 d6 3. d4 cxd4 4. Nxd4 a6 5. Bc4 b5 6. Bb3 Nf6 7. O-O Bb7 8. f3
e5 9. Nf5 Be7 10. Nxg7+ Kf8 11. Bh6 Qc8 12. Kh1 Rg8 13. Nf5+ Ke8 14. Nxd6+ Bxd6
15. Qxd6 Nfd7 16. Nc3 Qc6 17. Qb4 Rg6 18. Be3 Nb6 19. a4 N8d7 20. axb5 axb5 21.
Nxb5 Ba6 22. Bxb6 Nxb6 23. c4 Bxb5 24. Rxa8+ Qxa8 25. Qxb5+ Kf8 26. c5 Nc8 27.
Bd5 Qa7 28. h3 Ne7 29. Qc4 Nxd5 30. exd5 Qa5 31. c6 Qd2 32. g4 1-0

[Event "AUTO-ADV-2711"]
[Site "http://www.queenalice.com/game.php?id=1199801"]
[Date "2013.7.14"]
[Round "2"]
[White "braseiko"]
[Black "Demiguel"]
[Result "0-1"]
[WhiteElo "1911"]
[BlackElo "1941"]

1. d4 d5 2. c4 e6 3. Nc3 Bb4 4. Qc2 Nf6 5. e3 Ne4 6. a3 Bxc3+ 7. bxc3 c6 8. Nf3
O-O 9. Bd3 f5 10. cxd5 cxd5 11. c4 Nc6 0-1

[Event "AUTO-ADV-2711"]
[Site "http://www.queenalice.com/game.php?id=1199802"]
[Date "2013.7.14"]
[Round "2"]
[White "Demiguel"]
[Black "braseiko"]
[Result "1-0"]
[WhiteElo "1925"]
[BlackElo "1927"]

1. d4 d5 2. c4 c6 3. Nf3 Nf6 4. b4 dxc4 5. e3 b5 6. a4 a6 7. Nc3 Bb7 8. Be2 e6
9. O-O Bxb4 10. Bd2 Bxc3 11. Bxc3 1-0